00217nam a2200085Ia 4500008004000000082001800040100001900058245002800077260002600105210210b2000 xxu||||| |||| 00| 0 eng d a823.0872 BLYS aBLYTON (Enid). aSecret of spiggy holes. abNot Mentionedc2000